000 00342nam a2200145Ia 4500
003 OSt
005 20231108070947.0
008 170523s9999 xx 000 0 und d
020 _a9788120320284
040 _cIIMT UNIVERSITY
100 _aPANEERILUAM
245 0 _aDATABASE MANAGEMENT SYSTEM
260 _bTATA MC GRAW HILL
942 _2ddc
_c02
999 _c1737
_d1737